| Tag |
First Indicator |
Second Indicator |
Subfields |
| LEADER |
00000pam a2200000 i 4500 |
| 001 |
in00000050703 |
| 005 |
20151007073831.0 |
| 008 |
791011s1979 miu b 00010 eng |
| 010 |
|
|
|a 79023736
|
| 020 |
|
|
|a 0911558675
|
| 020 |
|
|
|a 0911558667(pbk.)
|
| 035 |
|
|
|a (OCoLC)05675597
|
| 035 |
|
|
|9 AAF0470AM
|
| 040 |
|
|
|a DLC
|c DLC
|d TXA
|d UtOrBLW
|
| 043 |
|
|
|a n-us---
|
| 049 |
|
|
|a TXAM
|c [1191972]
|
| 050 |
0 |
0 |
|a HD5660.U5
|b S73
|
| 082 |
0 |
|
|a 301.18/32
|
| 100 |
1 |
|
|a Stern, Robert N.,
|d 1948-
|
| 245 |
1 |
0 |
|a Employee ownership in plant shutdowns :
|b prospects for employment stability /
|c Robert N. Stern, K. Haydn Wood, Tove Helland Hammer.
|
| 264 |
|
1 |
|a Kalamazoo, Mich. :
|b W. E. Upjohn Institute for Employment Research,
|c 1979.
|
| 300 |
|
|
|a xi, 219 pages ;
|c 24 cm.
|
| 336 |
|
|
|a text
|b txt
|2 rdacontent
|
| 337 |
|
|
|a unmediated
|b n
|2 rdamedia
|
| 338 |
|
|
|a volume
|b nc
|2 rdacarrier
|
| 500 |
|
|
|a "A Report to the W. E. Upjohn Institute for Employment Research."
|
| 504 |
|
|
|a Includes bibliographies.
|
| 650 |
|
0 |
|a Employee ownership
|z United States.
|
| 650 |
|
0 |
|a Plant shutdowns
|z United States.
|
| 650 |
|
0 |
|a Producer cooperatives
|z United States.
|
| 650 |
|
0 |
|a Industries
|x Social aspects
|z United States.
|
| 700 |
1 |
|
|a Wood, K. Haydn.
|
| 700 |
1 |
|
|a Hammer, Tove Helland.
|
| 710 |
2 |
|
|a W.E. Upjohn Institute for Employment Research.
|
| 999 |
|
|
|a MARS
|
| 999 |
f |
f |
|s f8e3cdba-e6f0-3111-8011-7aaf61baec7b
|i 4ea6d5f1-2ef4-3356-afe4-e341551b9a9b
|t 0
|
| 952 |
f |
f |
|p ric
|a Texas A&M University
|b Rellis Campus
|c Joint Library Facility
|d Remote Storage
|t 0
|e HD5660.U5 S73
|h Library of Congress classification
|i unmediated -- volume
|m A14802680528
|
| 998 |
f |
f |
|a HD5660.U5 S73
|t 0
|l Remote Storage
|